Bankovníctvo v islamskom svete

Systém fungovania islámskeho bankovníctva, jeho výhody, spôsoby a história.

Gespeichert in:
Bibliographische Detailangaben
1. Verfasser: Benčo, Jozef
Weitere Verfasser: Jurčíková, Božena, Mečár, Miroslav
Format: Buchkapitel
Sprache:Slowakisch
Schlagworte:
Tags: Tag hinzufügen
Keine Tags, Fügen Sie das erste Tag hinzu!

MARC

LEADER 00000naa a2200000 4500
001 0182642
005 20230908075844.1
041 0 |a slo 
044 |a CZ 
245 1 0 |a Bankovníctvo v islamskom svete  |c Jozef Benčo, Božena Jurčíková, Miroslav Mečár 
520 |a Systém fungovania islámskeho bankovníctva, jeho výhody, spôsoby a história. 
610 2 0 |a islam 
610 2 0 |a bankovníctvo 
610 2 0 |a história 
610 2 0 |a právo finančné 
610 2 0 |a služby bankové 
100 1 |a Benčo, Jozef 
700 1 |a Jurčíková, Božena 
700 1 |a Mečár, Miroslav